[Event "AUTO-ADV-46"]
[Site "http://www.queenalice.com/game.php?id=15677"]
[Date "2005.6.9"]
[Round "1"]
[White "Traian"]
[Black "willyanF"]
[Result "0-1"]
[WhiteElo "1410"]
[BlackElo "1611"]

1. e3 e5 2. d4 exd4 3. exd4 d5 4. c3 Bf5 5. Nd2 Nf6 6. Qe2+ Be7 7. b3 O-O 8.
Ndf3 Bb4 9. cxb4 Bg4 10. Be3 Qd6 11. a3 Qc6 12. Qd2 Ne4 13. Qd3 Qf6 14. Be2 Bf5
15. Qb5 b6 16. Qxd5 Nc6 17. Rc1 Rad8 18. Rxc6 Rxd5 0-1

[Event "AUTO-ADV-46"]
[Site "http://www.queenalice.com/game.php?id=15678"]
[Date "2005.6.9"]
[Round "1"]
[White "willyanF"]
[Black "Traian"]
[Result "1-0"]
[WhiteElo "1602"]
[BlackElo "1419"]

1. e4 e6 2. Nf3 Nf6 3. g3 Nxe4 4. d3 Bb4+ 5. c3 Bc5 6. dxe4 c6 7. Bg2 b6 8. b4
Be7 9. O-O d5 10. Nbd2 Ba6 11. Re1 Nd7 12. a4 c5 13. b5 Bb7 14. exd5 Bxd5 15. c4
Bb7 16. Bb2 O-O 17. Ra3 Nf6 18. Qc2 1-0

[Event "Challenge"]
[Site "http://www.queenalice.com/game.php?id=21964"]
[Date "2005.7.29"]
[Round "-"]
[White "Traian"]
[Black "marcel"]
[Result "1-0"]
[WhiteElo "1445"]
[BlackElo "1113"]

1. e4 d6 2. Bb5+ c6 3. Bf1 Nf6 4. f3 d5 5. e5 Nfd7 6. d4 e6 7. f4 h6 8. Bd2 a5
9. b3 b5 10. Nf3 a4 11. Nc3 g5 12. fxg5 h5 13. g3 Na6 14. a3 c5 15. Nxb5 cxd4
16. Nfxd4 Nxe5 17. b4 Rg8 18. h4 Rh8 19. Qe2 Bg7 20. O-O-O Bb7 21. Bg2 Nc4 22.
Qd3 Qd7 23. Rdf1 e5 24. Re1 O-O-O 25. Bh3 exd4 26. Bxd7+ Rxd7 27. Qf5 Nb8 28.
Bf4 Rf8 29. Bxb8 Ba6 30. Na7+ Kxb8 31. Qxd7 Ne5 32. Rxe5 Bc8 33. Nxc8 Rxc8 34.
Re8 Rxe8 35. Qxe8+ Kc7 36. Qxf7+ 1-0

[Event "Return of the Mango"]
[Site "http://www.queenalice.com/game.php?id=31762"]
[Date "2005.10.5"]
[Round "-"]
[White "Traian"]
[Black "liquid"]
[Result "0-1"]
[WhiteElo "1448"]
[BlackElo "1570"]

1. e4 e5 2. Qh5 g6 3. Qxe5+ Qe7 4. Qxh8 Nf6 5. b3 Qxe4+ 6. Be2 Qe5 7. Ba3 d6 8.
c3 Bf5 9. Nf3 Qe7 10. O-O Nbd7 11. Re1 O-O-O 12. Bd3 Be6 13. Ng5 Bh6 14. Qxd8+
Kxd8 15. c4 Bxg5 16. Nc3 Bxd2 17. Nb5 a6 18. Nd4 Ng4 19. Re2 Bc3 20. Nc2 Bxa1
21. Nxa1 Qf6 22. Bb2 Qh4 23. h3 Nge5 24. Bxe5 Nxe5 25. Be4 Qg5 26. Re3 f5 27.
Bxb7 f4 28. Rc3 f3 29. Bxf3 Bxh3 30. Be4 Bf5 31. Rg3 Qc1+ 32. Kh2 Bxe4 33. f3
Bf5 34. f4 Qxf4 35. a4 Qh4+ 36. Rh3 Ng4+ 0-1

[Event "Let's Play Chess!"]
[Site "http://www.queenalice.com/game.php?id=35322"]
[Date "2005.10.28"]
[Round "-"]
[White "zechariahsl"]
[Black "Traian"]
[Result "0-1"]
[WhiteElo "1565"]
[BlackElo "1417"]

1. e4 e5 2. f4 exf4 3. Nf3 g5 4. h4 g4 5. Nh2 Qxh4+ 6. Ke2 g3 7. Qe1 Qh5+ 8. Kd3
gxh2 9. b3 Bg7 10. Nc3 f3 11. Qg3 Be5 12. Qxf3 Qh6 13. Qf5 f6 14. Bb2 Ne7 15.
Qf3 Nec6 16. a3 Nd4 17. Qg4 c5 18. g3 Nbc6 19. Bh3 d6 20. Qxc8+ Rxc8 21. Bxc8
Nf3 22. Rad1 b5 23. Rdf1 c4+ 24. Ke2 Ncd4+ 25. Kf2 Qxd2+ 26. Ne2 Qxe2# 0-1

[Event "Challenge"]
[Site "http://www.queenalice.com/game.php?id=35729"]
[Date "2005.10.31"]
[Round "-"]
[White "Wifeykaz"]
[Black "Traian"]
[Result "0-1"]
[WhiteElo "1215"]
[BlackElo "1423"]

1. e4 e5 2. Ne2 Qh4 3. g3 Qxe4 4. d3 Qxh1 5. Nec3 d6 6. Ne4 Bh3 7. Ke2 Bg4+ 8.
Kd2 Bxd1 9. Kxd1 Qxf1+ 10. Kd2 d5 11. Ng5 Qxf2+ 12. Kc3 d4+ 13. Kb3 Qxh2 14. Nd2
Qxg3 15. Nge4 Qg6 16. a4 f5 17. Nc5 Bxc5 18. Nc4 Qg1 19. Nxe5 Qe1 20. c3 Qxe5
21. cxd4 Qxd4 22. Rb1 Qxd3+ 23. Ka2 Ba3 24. bxa3 Qc2+ 25. Ka1 b6 26. Bf4 Qc3+
27. Rb2 Nd7 28. Bd2 Qxa3+ 29. Ra2 Qb3 30. Bf4 Qd1+ 31. Kb2 Qe2+ 32. Ka3 Qf3+ 33.
Kb4 Qxf4+ 34. Kb3 Nc5+ 35. Kb2 Qd2+ 36. Ka3 Qc3# 0-1

[Event "Let's Play Chess!"]
[Site "http://www.queenalice.com/game.php?id=36110"]
[Date "2005.11.2"]
[Round "-"]
[White "papilon_br"]
[Black "Traian"]
[Result "1-0"]
[WhiteElo "1481"]
[BlackElo "1437"]

1. e4 e5 2. Nf3 d5 3. exd5 Qxd5 4. Nc3 Qc5 5. Bd3 Nf6 6. Ne4 Nxe4 7. Bxe4 f5 8.
d4 exd4 9. Bd3 Bd7 10. O-O Nc6 11. Bf4 O-O-O 12. Re1 Re8 13. a3 a5 14. b4 Qb6
15. b5 Ne7 16. Bc4 c5 17. bxc6 Bxc6 18. Qxd4 Qxd4 19. Nxd4 Be4 20. f3 Bxf3 21.
Nxf3 h6 22. Ne5 g5 23. Bd2 Bg7 24. Rad1 Bxe5 25. Rxe5 f4 26. Bc3 Rh7 27. Bd3 Rf7
28. Bg6 Nxg6 29. Rxe8+ Kc7 30. Bxa5+ b6 31. Bb4 Nh4 32. c4 g4 33. Re7+ Rxe7 34.
Bxe7 Nf5 35. Bf8 f3 36. gxf3 gxf3 37. Kf2 Nh4 38. Bxh6 Kc6 39. Be3 1-0

[Event "Let's Play Chess!"]
[Site "http://www.queenalice.com/game.php?id=39929"]
[Date "2005.11.26"]
[Round "-"]
[White "Traian"]
[Black "claudiofer"]
[Result "1-0"]
[WhiteElo "1441"]
[BlackElo "1611"]

1. e4 e5 2. Qh5 Qf6 3. b3 Bc5 4. f3 d5 5. exd5 e4 6. c3 exf3 7. Nxf3 Bb4 8. d6
Bxd6 9. b4 Bxb4 10. Qb5+ Nc6 11. d4 Ba5 12. Be2 Ne7 13. Bg5 Qg6 14. O-O h6 15.
Bxe7 Kxe7 16. d5 a6 17. Qc5+ Qd6 18. Qxd6+ cxd6 19. dxc6 bxc6 20. Nd4 Bb7 21.
Nf5+ Kf8 22. Nxd6 Bb6+ 23. Kh1 Rb8 24. Nxf7 Rg8 25. Nd6+ Ke7 26. Nf5+ Kd8 27.
Na3 Re8 28. Rfd1+ Kc7 29. Rd2 Bc8 30. Nxg7 Re7 31. Nh5 Bc5 32. Nc4 Re4 33. Nf6
Rf4 34. Ne8+ Kb7 35. Rb1+ Ka8 36. Rxb8+ Kxb8 37. Rd8 Re4 38. Rxc8+ Ka7 39. g3
Rxe2 40. Rxc6 Re1+ 41. Kg2 Rg1+ 42. Kh3 Be7 43. Rc7+ Kb8 44. Rxe7 Rc1 45. Re6
Rxc3 46. Rb6+ Ka7 47. Ned6 Rc2 48. Nc8+ Ka8 49. Rxa6+ Kb7 50. Ne3 Rxc8 51. Rxh6
Ra8 52. Rh7+ Kb6 53. Nd5+ Kc6 54. Ne7+ Kd7 55. g4 Rxa2 56. g5 Ra3+ 57. Kh4 Ra2
58. h3 Ra4+ 59. Kh5 Ra5 60. Nf5+ Ke6 61. Nd4+ Kd5 62. Rd7+ Ke4 63. Nb3 Rb5 64.
Nd2+ Kf4 65. h4 Rb8 66. Rf7+ Ke5 67. g6 Rh8+ 68. Kg5 Rg8 69. h5 Ke6 70. Rf6+ Ke7
71. h6 Rd8 72. Rf7+ Ke6 73. h7 Rh8 74. Rg7 Kd6 75. Rg8 Rxg8 76. hxg8=Q Ke7 77.
Qf7+ Kd6 78. g7 Kc6 79. g8=Q Kd6 80. Qd5+ 1-0

[Event "Let's Play Chess!"]
[Site "http://www.queenalice.com/game.php?id=39930"]
[Date "2005.11.26"]
[Round "-"]
[White "mav40121"]
[Black "Traian"]
[Result "1-0"]
[WhiteElo "1471"]
[BlackElo "1431"]

1. e4 e5 2. Nf3 d6 3. c3 Bg4 4. d4 Nf6 5. Bg5 h6 6. Bh4 g5 7. Bg3 Nxe4 8. Bd3
Nxg3 9. hxg3 Qe7 10. Qb3 exd4+ 11. Kd1 Qf6 12. Nd2 Nc6 13. Qxb7 Nd8 14. Qxa8
dxc3 15. bxc3 Qxc3 16. Bb5+ Ke7 17. Re1+ Ne6 18. Rc1 Qa5 19. Qb7 Kf6 20. Bc4 Nc5
21. Qb2+ Kg6 22. Qxh8 Bg7 23. Qg8 Be6 24. Bxe6 fxe6 25. Rxc5 Qxc5 26. Rxe6+ Kh5
27. Qf7+ Kg4 28. Re4# 1-0

[Event "Let's Play Chess!"]
[Site "http://www.queenalice.com/game.php?id=47611"]
[Date "2006.1.12"]
[Round "-"]
[White "Traian"]
[Black "sniper2ss"]
[Result "0-1"]
[WhiteElo "1461"]
[BlackElo "1798"]

1. d3 d5 2. e4 dxe4 3. dxe4 Qxd1+ 4. Kxd1 Nc6 5. f3 Be6 6. Bd3 O-O-O 7. Ne2 Ne5
8. Kd2 g6 9. f4 Bh6 10. Rd1 Nxd3 11. cxd3 Bg4 12. h3 Be6 13. Kc2 Nf6 14. Nbc3
Bg7 15. d4 Bc4 16. Ng3 e6 17. b3 Ba6 18. b4 b6 19. a4 h5 20. Nb5 Kb7 21. Ra3 h4
22. Ne2 Nxe4 23. g4 Kb8 24. Kd3 Nf2+ 25. Kd2 Nxd1 26. Kxd1 Bxb5 27. axb5 Bxd4
28. Nxd4 Rxd4+ 29. Kc2 Rxb4 30. Kc3 Rxb5 31. Bb2 Rd8 32. Ra4 Rc5+ 33. Kb4 Rd3
34. Ra3 a5+ 35. Ka4 Rxa3+ 36. Bxa3 Rc4+ 37. Kb5 Rxf4 38. Be7 f6 39. Kc6 e5 40.
Bd8 g5 41. Bxc7+ Kc8 42. Bxb6 a4 43. Bc5 Rc4 44. Kd5 Rxc5+ 45. Kxc5 a3 0-1

[Event "Let's Play Chess!"]
[Site "http://www.queenalice.com/game.php?id=47612"]
[Date "2006.1.12"]
[Round "-"]
[White "sniper2ss"]
[Black "Traian"]
[Result "1-0"]
[WhiteElo "1795"]
[BlackElo "1464"]

1. d4 e6 2. e3 f5 3. Nf3 g5 4. Ne5 g4 5. h3 Qh4 6. g3 Qh5 7. Bg2 Qg5 8. hxg4 d6
9. Nf3 Qxg4 10. Nc3 h5 11. Qe2 Nf6 12. Bd2 b6 13. Nb5 Na6 14. Bh3 Qe4 15. Bc3
Qd5 16. Bg2 c6 17. Na3 b5 18. Nh4 Ne4 19. Ng6 Rh7 20. Nf4 Nxc3 21. bxc3 Bb7 22.
Nxd5 exd5 23. Rxh5 Rxh5 24. Qxh5+ Ke7 25. Qh7+ Kd8 26. Qxb7 1-0

[Event "Marillion"]
[Site "http://www.queenalice.com/game.php?id=48412"]
[Date "2006.1.18"]
[Round "-"]
[White "mauricio_sm"]
[Black "Traian"]
[Result "1-0"]
[WhiteElo "1589"]
[BlackElo "1458"]

1. e4 e6 2. d4 Qh4 3. Qe2 b6 4. Nf3 Qf6 5. Nc3 Bb4 6. Bd2 Nc6 7. d5 exd5 8.
exd5+ Nce7 9. Nb5 Bd6 10. Bc3 Qg6 11. Be5 Bb4+ 12. c3 Bd6 13. Nxd6+ cxd6 14. Bd4
Bb7 15. c4 Ba6 16. b3 Nf6 17. g3 Nxd5 18. cxd5 Bxe2 19. Bxe2 Nxd5 20. O-O O-O
21. Bc4 Nb4 22. Rfd1 d5 23. Ne5 Qc2 24. Nxd7 dxc4 25. Nxf8 Kxf8 26. bxc4 Qxc4
27. Rac1 Nc2 28. Bb2 1-0

[Event "Challenge"]
[Site "http://www.queenalice.com/game.php?id=118861"]
[Date "2006.10.19"]
[Round "-"]
[White "Henriface"]
[Black "Traian"]
[Result "0-1"]
[WhiteElo "1468"]
[BlackElo "1479"]

1. d4 e5 2. dxe5 Bc5 3. f4 c6 4. Nc3 Qb6 5. e3 h5 6. Qd3 Na6 7. Nf3 d5 8. f5 Nb4
9. Qe2 Bxf5 10. e4 dxe4 11. Nxe4 Bxe4 12. Qxe4 Bf2+ 13. Kd1 O-O-O+ 14. Bd2 Be3
15. Bd3 Bxd2 16. Kxd2 Ne7 17. e6 f5 18. Qe5 Rd5 19. Qxg7 Qf2+ 20. Kc1 Rxd3 21.
Qxh8+ Kc7 22. Qe5+ Rd6 23. Qa5+ Qb6 24. Qxb6+ Kxb6 25. Re1 Kc5 26. c3 Nd3+ 27.
Kc2 Nxe1+ 28. Rxe1 Kb6 0-1